000 00826nam a2200205Ia 4500
999 _c51030
_d51030
001 17987
003 GE_BSU
005 20190501171604.0
008 181216s1983||||ge |||||||||||||| ||geo||
040 _cGE_BSU
041 _ageo
080 _a624.014(075.8) რ-17
100 _aრაზმაძე, ა.
_9612
245 _aლითონის კონსტრუქციები :
_bსახელმძღვ. /
_cა.რაზმაძე ; რედ. ჩ.გურგენიძე.
264 _aთბილისი :
_bგანათლება,
_c1970.
300 _a661 გვ. :
_b ნახაზები ;
_c 22 სმ.
653 _aლითონის კონსტრუქციები
700 _aგურგენიძე, ა.
_eრედაქტორი
_9613
942 _cBK
_2udc